[Event "Challenge"]
[Site "http://www.queenalice.com/game.php?id=727435"]
[Date "2010.2.7"]
[Round "-"]
[White "Meirebel"]
[Black "gdan"]
[Result "1/2-1/2"]
[WhiteElo "2385"]
[BlackElo "2385"]

1. e4 d5 2. exd5 Nf6 3. d4 Nxd5 4. Nf3 Nc6 5. Bb5 Bd7 6. O-O e6 7. c4 Nf6 8. Nc3
Be7 9. Ne5 a6 10. Bxc6 Bxc6 11. Nxc6 bxc6 12. Qf3 O-O 13. Rd1 Qd7 14. Bf4 Bd6
15. Be5 Ne8 16. Na4 f6 17. Nc5 Qc8 18. Bg3 Bxc5 19. dxc5 Qb7 20. b3 e5 21. Qf5
1/2-1/2

[Event "Challenge"]
[Site "http://www.queenalice.com/game.php?id=727436"]
[Date "2010.2.7"]
[Round "-"]
[White "gdan"]
[Black "Meirebel"]
[Result "1/2-1/2"]
[WhiteElo "2387"]
[BlackElo "2323"]

1. e4 e5 2. f4 Nc6 3. Nf3 exf4 4. Bc4 Bc5 5. d4 Bb6 6. Bxf4 d6 7. c3 Nf6 8. Nbd2
O-O 9. Qc2 d5 10. exd5 Re8+ 11. Kf2 Ne7 12. d6 cxd6 13. Rhe1 Bf5 14. Qb3 d5 15.
Bb5 Nc6 16. Rxe8+ Nxe8 17. Re1 Nc7 18. Bxc6 bxc6 19. Ne5 Qh4+ 20. Bg3 Qf6 21.
Ndf3 Re8 22. a4 h6 23. a5 Bxa5 24. Qb7 Bb6 25. Nxc6 Rxe1 26. Kxe1 Qe6+ 27. Kf2
Ne8 28. Be5 Be4 29. h3 g5 30. Nxa7 f6 31. Bh2 Bxa7 32. Qxa7 Bd3 1/2-1/2

[Event "Challenge"]
[Site "http://www.queenalice.com/game.php?id=730639"]
[Date "2010.2.12"]
[Round "-"]
[White "holpache"]
[Black "gdan"]
[Result "1-0"]
[WhiteElo "2583"]
[BlackElo "2373"]

1. c4 c6 2. Qa4 e6 3. g3 d5 4. Bg2 Nf6 5. Nf3 Nbd7 6. d3 Nc5 7. Qc2 Bd6 8. O-O
O-O 9. Nbd2 e5 10. cxd5 cxd5 11. Nxe5 Bxe5 12. Qxc5 Bd6 13. Qb5 Bd7 14. Qb3 Qa5
15. Nb1 Be6 16. Bd2 Qa6 17. Bc3 d4 18. Bxb7 dxc3 19. Bxa6 Bxb3 20. axb3 cxb2 21.
Ra2 Rfb8 22. Rxb2 Be5 23. Ra2 Rxb3 24. Nd2 Rb4 25. Rc1 g6 26. Nf3 Bd6 27. e4 Bf8
28. Ne5 Re8 29. f4 Kg7 30. Kg2 Re7 31. Rc8 Rb6 32. Bc4 h6 33. Nxf7 Rxf7 34. Bxf7
Kxf7 35. e5 Ne8 36. Rxa7+ Be7 37. d4 1-0

[Event "AUTO-OPEN-1609"]
[Site "http://www.queenalice.com/game.php?id=740865"]
[Date "2010.3.4"]
[Round "3"]
[White "Capivara"]
[Black "gdan"]
[Result "1-0"]
[WhiteElo "2142"]
[BlackElo "2196"]

1. e4 d5 2. exd5 Nf6 3. d4 Nxd5 4. c4 Nb6 5. Nc3 Nc6 6. d5 Ne5 7. Qd4 Nc6 8. Qe4
Nb4 9. a3 f5 10. Qb1 Na6 11. b4 c5 12. b5 Nc7 13. a4 g6 14. a5 Nd7 15. Nf3 Bg7
16. Bb2 O-O 17. Bd3 e5 18. dxe6 Nxe6 19. O-O Nf4 20. Re1 Re8 21. Bf1 Nf6 22.
Rxe8+ Qxe8 23. Qc2 Qd8 24. g3 Ne6 25. Bg2 Qc7 26. Qe2 1-0

[Event "AUTO-OPEN-1609"]
[Site "http://www.queenalice.com/game.php?id=740866"]
[Date "2010.3.4"]
[Round "3"]
[White "gdan"]
[Black "Capivara"]
[Result "0-1"]
[WhiteElo "2210"]
[BlackElo "2128"]

1. e4 e5 2. f4 Nc6 3. Nf3 Nf6 4. fxe5 Nxe4 5. d4 d5 6. Bb5 Bg4 7. Qd3 Be7 8. O-O
O-O 9. Bxc6 bxc6 10. c4 Rb8 11. Nc3 f5 12. exf6 Bxf6 13. Ne5 Bxe5 14. dxe5 Rxf1+
15. Qxf1 Nxc3 16. bxc3 d4 17. Qf4 Be6 18. cxd4 Bxc4 19. Qf2 Qe7 20. Qe3 Qe6 21.
Ba3 Bd5 22. Rf1 Qg6 23. Qf2 h6 24. h3 a5 25. Kh2 a4 26. Bc5 Qd3 27. a3 Kh7 28.
Bb4 Rd8 0-1

[Event "AUTO-OPEN-1635"]
[Site "http://www.queenalice.com/game.php?id=745115"]
[Date "2010.3.12"]
[Round "2"]
[White "Pcchess"]
[Black "gdan"]
[Result "1-0"]
[WhiteElo "2110"]
[BlackElo "2117"]

1. e4 e5 2. Nf3 Nf6 3. Nc3 Nc6 4. Bc4 h6 5. O-O Be7 6. d3 O-O 7. h3 d6 8. Be3
Na5 9. Bb5 c6 10. Ba4 b5 11. Bb3 Nxb3 12. axb3 a5 13. Qd2 Nh7 14. Ne2 f5 15.
exf5 Bxf5 16. Ng3 Be6 17. d4 Bxh3 18. Nxe5 1-0

[Event "AUTO-OPEN-1635"]
[Site "http://www.queenalice.com/game.php?id=745116"]
[Date "2010.3.12"]
[Round "2"]
[White "gdan"]
[Black "Pcchess"]
[Result "0-1"]
[WhiteElo "2130"]
[BlackElo "2096"]

1. e4 c5 2. f4 Nc6 3. Nf3 d6 4. Nc3 Bg4 5. Be2 g6 6. O-O Bg7 7. h3 Bd7 8. Kh1
Nf6 9. d4 cxd4 10. Nxd4 O-O 11. f5 a6 12. Be3 Rc8 13. a3 b5 14. fxg6 hxg6 15.
Nd5 Nxe4 16. Rf3 Ne5 17. a4 Nxf3 0-1

[Event "AUTO-OPEN-1595"]
[Site "http://www.queenalice.com/game.php?id=747101"]
[Date "2010.3.16"]
[Round "2"]
[White "ignacius"]
[Black "gdan"]
[Result "1-0"]
[WhiteElo "2030"]
[BlackElo "2278"]

1. d4 d5 2. c4 c6 3. cxd5 cxd5 4. Nf3 Nc6 5. Bg5 Qb6 6. Qd2 Bf5 7. Nc3 e6 8. e3
h6 9. Bh4 Nge7 10. Bxe7 Bxe7 11. Be2 O-O 12. O-O Rac8 13. a3 1-0

[Event "AUTO-OPEN-1595"]
[Site "http://www.queenalice.com/game.php?id=747102"]
[Date "2010.3.16"]
[Round "2"]
[White "gdan"]
[Black "ignacius"]
[Result "0-1"]
[WhiteElo "2259"]
[BlackElo "2056"]

1. e4 e6 2. d4 c5 3. Nf3 cxd4 4. Nxd4 Bc5 5. Nb3 Bb6 6. Nc3 Qf6 7. f3 Nc6 8. Qd6
Nd4 9. Nxd4 Qxd4 10. Qxd4 Bxd4 11. Nb5 Be5 12. f4 Bb8 0-1

[Event "AUTO-OPEN-1595"]
[Site "http://www.queenalice.com/game.php?id=747105"]
[Date "2010.3.16"]
[Round "2"]
[White "cunha"]
[Black "gdan"]
[Result "1-0"]
[WhiteElo "2676"]
[BlackElo "2362"]

1. e4 d5 2. exd5 Nf6 3. d4 Nxd5 4. Nf3 Nc6 5. c4 Nb6 6. d5 Nb4 7. Nc3 Bg4 8. Qb3
Bxf3 9. gxf3 Qd6 10. Be3 c5 11. dxc6 Nxc6 12. c5 Qf6 13. cxb6 Qxf3 14. Nb5 e6
15. Nc7+ Kd8 16. Bg5+ 1-0

[Event "AUTO-OPEN-1595"]
[Site "http://www.queenalice.com/game.php?id=747106"]
[Date "2010.3.16"]
[Round "2"]
[White "gdan"]
[Black "cunha"]
[Result "0-1"]
[WhiteElo "2227"]
[BlackElo "2673"]

1. e4 c5 2. Nf3 d6 3. d4 cxd4 4. Nxd4 Nf6 5. Nc3 a6 6. f3 e5 7. Nb3 Be6 8. Be3
Be7 9. Bd3 Nbd7 10. O-O Qc7 11. f4 exf4 12. Bxf4 O-O 13. Qe2 Ne5 14. Kh1 Nc4 15.
Rab1 Nxb2 16. Rxb2 Qxc3 17. Rbb1 Nd7 0-1